Normal view
MARC view
- Bajo Paredero, Sonia
Entry Nombre Personal
001 - NUMERO DE CONTROL
- campo de control: 40087
003 - IDENTIFICADOR DE NUMERO DE CONTROL
- campo de control: UPN
005 - FECHA Y HORA DE LA ÜLTIMA TRANSACCIÓN
- campo de control: 20210219194552.0
008 - DATOS DE LONGITUD FIJA
- campo de control de longitud fija: nabaccnnaabn|||||||||| b |nc|||||d
035 ## - NUMERO DE CONTROL
- Número de control: UPN11000012194
040 ## - FUENTE DE CATALOGACIÓN
- Lenguaje de catalogación: SPA
- Agencia de transcripción: UPN
100 1# - ENCABEZAMIENTO - NOMBRE PERSONAL
- Nombre personal: Bajo Paredero, Sonia
670 ## - FUENTE EN LA QUE SE LOCALIZARON DATOS
- Cita de la fuente: T
- Uniform Resource Identifier: http://www.donquijote.com/blog/Blog/779_Sonia_Bajo_Paredero
680 ## - NOTA PUBLICA DE ACCESO PÚBLICO
- Frase explicativa de la referencia: Madrileña. Lic. en Filología moderna y Máster en ELE. Formadora de profesores y creadora de material ELE.
902 ## - CATALOGADOR
- Catalogador: EMR/290417
